000 00462nam a22001577a 4500
999 _c14861
_d14861
008 200122b ||||| |||| 00| 0 eng d
022 _a 9770118389007
082 _aDPer 641.05 F73 Mar-Nov 2012
100 _941247
_aSandique, Jill F.
245 _aThe power of flax/
_cJill F. Sandique.
260 _aQuezon City:
_bABS CBN Publishing, Inc.,
_c©2012.
300 _apage 26;
_c30 cm.
500 _aFood.
650 _aFood
_941248
942 _2ddc
_cPER